|
|
|
|
| LEADER |
00000nab a2200000 a 4500 |
| 001 |
vtls001003303 |
| 003 |
SK-MaSNL |
| 005 |
20260303040926.0 |
| 008 |
040720e19840000xo 0 slo |
| 035 |
|
|
|a RV3903
|
| 040 |
|
|
|a RVGKPD
|b slo
|c RVGKPD
|e AACR2
|
| 041 |
0 |
|
|a slo
|
| 044 |
|
|
|a xo
|c SK
|
| 080 |
|
|
|a 929.52
|2 1981
|
| 080 |
|
|
|a 614.23
|2 1981
|
| 080 |
|
|
|a 58-051
|2 1981
|
| 080 |
|
|
|a 943.76-051
|2 1981
|
| 080 |
|
|
|a 39-051
|2 1981
|
| 100 |
1 |
|
|a Urbancová, Viera,
|d 1929-2007
|4 aut
|9 197068
|
| 245 |
1 |
0 |
|a Gustáv Reuss a Reussovci v slovenskej kultúre
|
| 600 |
1 |
7 |
|a Reuss, Gustáv,
|d 1818-1861
|2 RVGKPD
|9 118345
|
| 600 |
3 |
7 |
|a Reuss (rodina)
|2 RVGKPD
|9 204936
|
| 650 |
0 |
7 |
|a slovenská kultúra
|2 RVGKPD
|9 54525
|
| 651 |
|
7 |
|a Revúca (Slovensko)
|2 RVGKPD
|9 31503
|
| 655 |
|
7 |
|a monografie
|2 SNK
|9 70139
|
| 773 |
0 |
8 |
|t Hviezdoveda
|d Bratislava : Tatran, 1984, S. 299-332
|
| 852 |
|
|
|a ZVYKNI
|b KIS3GCP
|
| 999 |
|
|
|c 1684313
|d 1686243
|